Colors of among us - Statistics

General Stats
  • This quiz has been taken 41 times
  • The average score is 14 of 18
Answer Stats
Answer % Correct
Pink
100%
Purple
100%
Red
100%
Yellow
100%
Black
97%
Blue
97%
Green
97%
Orange
97%
Gray
90%
White
90%
Brown
87%
Cyan
74%
Lime
65%
Maroon
48%
Rose
48%
Banana
42%
Tan
42%
Coral
35%
No matching quizzes found
Score Distribution
Percent of People with Each Score
Percentile by Number Answered
Your Score History
You have not taken this quiz